Automatický monitorovací systém okolitých podmienok v laboratóriách

Salvato in:
Dettagli Bibliografici
Autore principale: Naď, Jozef (Autore)
Altri autori: Ďuriš, Stanislav (Relatore della tesi)
Natura: Manoscritto Libro
Lingua:slovacco
Pubblicazione: 2018
Soggetti:
Accesso online:http://is.stuba.sk/zp/portal_zp.pl?podrobnosti=139297
Tags: Aggiungi Tag
Nessun Tag, puoi essere il primo ad aggiungerne!!

MARC

LEADER 00000ntm a22000003a 4500
001 stuzp69670
003 SK-STU
005 20180820161652.1
007 ta
008 150427s2015----xo-----f-mn---000-0-slo-d
040 |a STU  |b slo 
041 0 |a slo 
100 1 |a Naď, Jozef  |u 020020  |4 aut  |U SjF Strojnícka fakulta  |T SjF Ústav automatizácie, merania a aplikovanej informatiky  |X 63167  |U J0020  |Y 802  |7 63167 
242 0 1 |a Automatic monitoring system of ambient conditions in laboratories  |y eng 
245 1 0 |a Automatický monitorovací systém okolitých podmienok v laboratóriách 
260 |c 2018 
650 4 |a monitorovanie  |2 slo 
650 4 |a monitorovací systém  |2 slo 
650 4 |a laboratórne podmienky  |2 slo 
650 4 |a monitoring  |2 eng 
650 4 |a monitoring system  |2 eng 
650 4 |a laboratory conditions  |2 eng 
700 1 |a Ďuriš, Stanislav  |u 020020  |k Z1  |4 ths  |U SjF Strojnícka fakulta  |T SjF Ústav automatizácie, merania a aplikovanej informatiky  |X 36537  |U J0020  |Y 802  |7 A000036537 
856 4 |u http://is.stuba.sk/zp/portal_zp.pl?podrobnosti=139297 
996 |b 284J046084  |c J* 3194/DDP  |l JJSK  |s A  |a 24  |w stuzp69670_0001